El evangelio de Marcos
Αποθηκεύτηκε σε:
| Κύριος συγγραφέας: | |
|---|---|
| Μορφή: | Βιβλίο |
| Γλώσσα: | Ισπανικά |
| Έκδοση: |
Buenos Aires
Claretiana
2012
|
| Έκδοση: | 1a. ed |
| Θέματα: | |
| Ετικέτες: |
Προσθήκη ετικέτας
Δεν υπάρχουν, Καταχωρήστε ετικέτα πρώτοι!
|
MARC
| LEADER | 00000cam a2200000 a 4500 | ||
|---|---|---|---|
| 001 | UCF8594 | ||
| 003 | CL-VaPUC | ||
| 008 | 130916e20120000ag |||||||||||||||||spa|d | ||
| 020 | |a 9789505123889 | ||
| 082 | 0 | 4 | |a 226.3 |b CIS |2 21 |
| 100 | 0 | |a Cisterna, Félix Eduardo |e author |9 570704 | |
| 245 | 1 | 3 | |a El evangelio de Marcos |
| 246 | 1 | 3 | |a El evangelio de Marcos: el relato. El ambiente. Las enseñanzas |
| 250 | |a 1a. ed | ||
| 300 | |a 74 p | ||
| 942 | |c BK | ||
| 945 | |d 20130916 10:38:00 |a dcastane | ||
| 260 | |a Buenos Aires |b Claretiana |c 2012 | ||
| 650 | 0 | |a Nuevo testamento |9 257604 | |
| 650 | 0 | |a Evangelios |9 314864 | |
| 650 | 7 | |a EVANGELIO SAN MARCOS |2 CL-VaPUC |9 545495 | |
| 583 | |a last modification |c 20150731 03:34:43 |k Rodrigo Vera | ||
| 999 | |c 353161 |d 353159 | ||
| 952 | |0 0 |1 0 |3 erb |4 0 |6 226_300000000000000_CIS_2012 |7 0 |8 A |9 458133 |a BIBTEO |b BIBTEO |d 2019-11-23 |i 500084K |o 226.3 CIS 2012 |p 500084K |r 2025-01-17 |w 2019-11-23 |y BK |z Catalogado en:20130916 |k ICR | ||
| 952 | |0 0 |1 0 |3 erb |4 0 |6 226_300000000000000_CIS_2012 |7 0 |8 A |9 458134 |a BIBTEO |b BIBTEO |i 5192897 |o 226.3 CIS 2012 |p 5192897 |r 2025-01-17 |w 2019-11-23 |y BK |z Catalogado en:20150806 |k ICR | ||